Statistics for Top 20 Cubs: All-Time Home Run Leaders

Click here to take the quiz!

General Stats

  • This quiz has been taken 204 times
    (168 since last reset)
  • The average score is 11 of 21

Answer Stats

Home RunsAnswer% Correct
545Sammy Sosa
98%
512Ernie Banks
97%
217Anthony Rizzo
85%
282Ryne Sandberg
85%
138Kris Bryant
83%
337Ron Santo
81%
392Billy Williams
71%
174Andre Dawson
62%
110Javy Baez
59%
179Derrek Lee
56%
148Mark Grace
52%
190Hack Wilson
49%
239Aramis Ramirez
48%
181Alfonso Soriano
45%
110Kyle Schwarber
42%
122Jody Davis
27%
231Gabby Hartnett
26%
138Leon Durham
22%
198Hank Sauer
10%
126Andy Pafko
6%
205Bill Nicholson
6%

Score Distribution

Percentile by Number Answered

Percent of People with Each Score

Your Score History

You have not taken this quiz since the last reset